000 00677cam a22002413a 4500
001 29020
003 PGUSA
005 20140828083628.0
008 090601s2009||||xxu|||||s|||||000 | eng d
040 _aPGUSA
_beng
042 _adc
050 4 _aPS
100 1 _aHutton, Laurence,
_d1843-1904
245 1 2 _aA Boy I Knew and Four Dogs
_h[electronic resource] /
_cLaurence Hutton
260 _bProject Gutenberg,
_c2009
506 _aPublic domain in the USA.
516 _aElectronic text
653 _aDogs -- Anecdotes
653 _aHutton, Laurence, 1843-1904
830 0 _aProject Gutenberg
_v29020
856 4 0 _uhttp://www.gutenberg.org/ebooks/29020
942 _cEB
999 _c258275
_d258275